Regionálna analýza finančného hospodárenia domácnosti v Slovenskej republike
Úroveň, variabilita, asymetria a relatívna nerovnosť bohatstva súkromných domácností na Slovensku a v NUTS 3 regiónoch SR. Porovnanie rozdielov hodnôt absolútnej miery nerovnosti. Čisté bohatstvo domácností bez celkových záväzkov.
Enregistré dans:
| Auteur principal: | |
|---|---|
| Format: | Chapitre de livre |
| Langue: | slovaque |
| Sujets: | |
| Tags: |
Pas de tags, Soyez le premier à ajouter un tag!
|
MARC
| LEADER | 00000naa$a2200000$$$4500 | ||
|---|---|---|---|
| 001 | 0226542 | ||
| 005 | 20240502083606.4 | ||
| 041 | 0 | |a slo | |
| 044 | |a CZ | ||
| 245 | 1 | 0 | |a Regionálna analýza finančného hospodárenia domácnosti v Slovenskej republike |c Ľubica Sipková |
| 520 | |a Úroveň, variabilita, asymetria a relatívna nerovnosť bohatstva súkromných domácností na Slovensku a v NUTS 3 regiónoch SR. Porovnanie rozdielov hodnôt absolútnej miery nerovnosti. Čisté bohatstvo domácností bez celkových záväzkov. | ||
| 610 | 2 | 0 | |a hospodárstvo domáce |
| 610 | 2 | 0 | |a bohatstvo |
| 610 | 2 | 0 | |a príjmy domácností |
| 610 | 2 | 0 | |a hodnota majetku |
| 610 | 2 | 0 | |a stratifikácia sociálna |
| 610 | 2 | 0 | |a nerovnosť |
| 610 | 2 | 0 | |a Slovensko |
| 610 | 2 | 0 | |a regióny |
| 100 | 1 | |a Sipková, Ľubica, 1962- | |